000 00789nam a2200205 4500
005 20260107151010.0
008 260105b |||||||| |||| 00| 0 eng d
020 _a9780415644563
041 _aEnglish
082 _a746.92
_bFLE
100 _aFletcher Kate
_9216165
245 _aSustainable Fashion and Textiles: Design Journeys
250 _a2nd
260 _aNew York
_bRoutledge
_c2014
300 _a267
365 _b4351.75
_cRs.00
520 _aPart 1: Sustainable Fashion and Textile Products 1. Material Diversity 2. Ethically Made 3. Use Matters 4. Reuse, Recycling and Zero Waste Part 2: Sustainable Fashion and Textile Systems 5. Fashion, Needs and Consumption 6. Local and Light 7. Speed 8. User Maker
650 _aFashion Sustainable
_9216166
942 _cBK
999 _c369683
_d369683